LEADER 00739nam a2200217 i 4500 001 000000166080 003 CaOOAMICUS 005 20071106000000.0 008 071106s1970 it u000 u ita u 013 $a143448 040 $aSeMil$bita 100 1 $aMosca, Giovanni,$d<1908-1983>.$0(OLS)http://semarc/name/37078 245 10$aRacconti sospesi in aria /$cMosca. 250 $a2. Ed. 260 $aMilano :$bRizzoli,$c1970. 300 $a135 p. ;$c22 cm. 850 $aSeMil 852 $aSeMil$W1$xVenegono$y1$m1B IV 219$j248654$B117251$CSeMilBibl$Z2$F128050 $81 961 $aRecupero: Altro 996 $6245$aRacconti sospesi in aria$9(OLS)http://semarc/title/237188 996 $6260$aMilano :$bRizzoli$9(OLS)http://semarc/publisher/29824 LEADER 01374nam a2200289 i 4500 001 000000107873 003 CaOOAMICUS 005 20070213000000.0 008 070213s2006 it u000 u ita u 013 $a80396 020 $a88-213-0631-3 040 $aSeMil$bita 100 1 $aBorsi, Mara.$0(OLS)http://semarc/name/37007 245 13$aUn laboratorio di formazione :$bla rivista Da mihi animas : profilo storico e modelli educativi emergenti (1953-1996) /$cMara Borsi. 260 $aRoma :$bLAS,$c2006. 300 $a414 p. ;$c21 cm. 490 0 $aOrizzonti ;$v21 500 $aContiene : Bibliografia. 650 4$aDa mihi animas .$0(OLS)http://semarc/subject/18979 650 4$aFiglie di Maria Ausiliatrice - Pastorale e catechesi.$0(OLS)http://semarc/subject/18980 830 0$aOrizzonti / Pontificia facoltà di scienze dell'educazione Auxilium ;$v21.$0(OLS)http://semarc/title/22811 850 $aSeMil 852 $aSeMil$W1$xVenegono$y1$m2Q II 58$j63969$B63969$CSeMilBibl$Z2$F120168 $81 961 $aOmaggio per recensione: Scuola Cattolica 996 $6020$a88-213-0631-3$9(OLS)http://semarc/number/88840 996 $6245$aUn laboratorio di formazione :$bla rivista Da mihi animas : profilo storico e modelli educativi emergenti (1953-1996)$9(OLS)http://semarc/title/156488 996 $6260$aRoma :$bLAS$9(OLS)http://semarc/publisher/29900